00388nam a2200133 a 450000500170000000800410001702000180005805000230007610000150009924500550011426000440016930000090021344000320022220140412111326.0110105s19uu xx 00 eng d a1-58634-060-3 aTR(PS EbPl69 1983 aBerry, Joy aLet's talk about playing with others /cJoy Berry. aArizona :bGold star publishing,c1983. a32p. aAn early social skills book